Diseño de mezclas de laboratorio para los sellos asfálticos "chip seals" para su utilización en Costa Rica y elaboración del manual
Gespeichert in:
| 1. Verfasser: | |
|---|---|
| Format: | Buch |
| Sprache: | Spanish |
| Veröffentlicht: |
San José, Costa Rica
2016
|
| Schlagworte: | |
| Tags: |
Tag hinzufügen
Keine Tags, Fügen Sie den ersten Tag hinzu!
|
MARC
| LEADER | 00000nam a22000007a 4500 | ||
|---|---|---|---|
| 003 | 015265 | ||
| 005 | 20221231144144.0 | ||
| 008 | 170302b2016 cr a|||| |m|| 00| ||spa d | ||
| 040 | |c cru CEDI | ||
| 090 | |a TFG 7716 | ||
| 100 | |9 6776 |a Vargas Monge, Sylvia Andrea | ||
| 245 | |a Diseño de mezclas de laboratorio para los sellos asfálticos "chip seals" para su utilización en Costa Rica y elaboración del manual | ||
| 260 | |a San José, Costa Rica |c 2016 | ||
| 300 | |a xviii,120[3]hojas; ilustraciones a color | ||
| 500 | |a Proyecto de graduación (licenciatura en ingeniería química)--Universidad de Costa Rica. Facultad de Ingeniería. Escuela de Ingeniería Química | ||
| 650 | |x PAVIMENTOS DE ASFALTO |x EMULSIONES ASFALTICAS |x PAVIMENTOS DE ASFALTO - PRUEBAS |x MEZCLAS DE EMULSION ASFALTICA - PRUEBAS |x ENSAYOS DE MATERIALES |9 6777 | ||
| 942 | |c TFG | ||
| 999 | |c 17682 |d 17682 | ||
